Sports Quiz

Random Sports or State Quiz
Score 0/122 Timer 10:00
0 Plays Today
Year Team % Correct
2017Richmond Tigers
85.4%
2014Hawthorn Hawks
84.9%
2015Hawthorn Hawks
84.9%
2016Western Bulldogs
84.9%
2018West Coast Eagles
84.9%
2012Sydney Swans
84.4%
2013Hawthorn Hawks
84.4%
2001Brisbane Lions
83.7%
2002Brisbane Lions
83.7%
2003Brisbane Lions
83.7%
1897Essendon Bombers
83.2%
2005Sydney Swans
83.2%
2010Collingwood Magpies
83%
2011Geelong Cats
82.8%
2009Geelong Cats
82.6%
2006West Coast Eagles
82.4%
2004Port Adelaide Power
82.3%
2007Geelong Cats
82.3%
2008Hawthorn Hawks
82.3%
2000Essendon Bombers
80.6%
1998Adelaide Crows
80.3%
1997Adelaide Crows
79.6%
1994West Coast Eagles
77.4%
1999North Melbourne Kangaroos
77.4%
1992West Coast Eagles
77.2%
1995Carlton Blues
75.3%
1996North Melbourne Kangaroos
72.8%
1990Collingwood Magpies
72.6%
1993Essendon Bombers
72.2%
1898Fitzroy Lions
69.5%
1991Hawthorn Hawks
68.5%
1989Hawthorn Hawks
66.8%
1899Fitzroy Lions
66.1%
1988Hawthorn Hawks
63.4%
1980Richmond Tigers
63.3%
1987Carlton Blues
61.5%
1981Carlton Blues
61.1%
1986Hawthorn Hawks
60.9%
1983Hawthorn Hawks
60.8%
1982Carlton Blues
60.6%
1984Essendon Bombers
59.3%
Year Team % Correct
1985Essendon Bombers
59.1%
1966St. Kilda Saints
58.8%
1900Melbourne Demons
58.4%
1979Carlton Blues
57.2%
1901Essendon Bombers
55.9%
1977North Melbourne Kangaroos
52.9%
1902Collingwood Magpies
52.3%
1906Carlton Blues
52%
1954Footscray Bulldogs
51.8%
1907Carlton Blues
51.6%
1929Collingwood Magpies
51.3%
1928Collingwood Magpies
51.1%
1930Collingwood Magpies
51.1%
1970Carlton Blues
50.9%
1927Collingwood Magpies
50.7%
1908Carlton Blues
50.5%
1978Hawthorn Hawks
50%
1964Melbourne Demons
49.6%
1957Melbourne Demons
48.7%
1903Collingwood Magpies
48.6%
1972Carlton Blues
48.4%
1976Hawthorn Hawks
48.4%
1975North Melbourne Kangaroos
48.2%
1956Melbourne Demons
48%
1960Melbourne Demons
47.8%
1904Fitzroy Lions
47.7%
1973Richmond Tigers
47.7%
1974Richmond Tigers
47.1%
1955Melbourne Demons
47%
1959Melbourne Demons
46.4%
1958Collingwood Magpies
46.2%
1905Fitzroy Lions
45.5%
1971Hawthorn Hawks
45.3%
1909South Melbourne Swans
43.4%
1961Hawthorn Hawks
42.8%
1968Carlton Blues
42.3%
1969Richmond Tigers
41.9%
1963Geelong Cats
41%
1910Collingwood Magpies
40.9%
1965Essendon Bombers
40.7%
1967Richmond Tigers
40.5%
Year Team % Correct
1933South Melbourne Swans
40.1%
1911Essendon Bombers
39.6%
1912Essendon Bombers
37.5%
1962Essendon Bombers
37.3%
1914Carlton Blues
36.9%
1915Carlton Blues
36.6%
1913Fitzroy Lions
35.8%
1953Collingwood Magpies
35.5%
1920Richmond Tigers
34.9%
1919Collingwood Magpies
34.8%
1924Essendon Bombers
34.6%
1916Fitzroy Lions
34.4%
1918South Melbourne Swans
33.9%
1917Collingwood Magpies
33.5%
1938Carlton Blues
33.5%
1945Carlton Blues
33.5%
1921Richmond Tigers
33.3%
1925Geelong Cats
32.8%
1923Essendon Bombers
32.6%
1931Geelong Cats
32.6%
1944Fitzroy Lions
32.3%
1950Essendon Bombers
31.9%
1951Geelong Cats
31.9%
1952Geelong Cats
31.9%
1932Richmond Tigers
31.2%
1935Collingwood Magpies
31.2%
1949Essendon Bombers
30.6%
1922Fitzroy Lions
30.1%
1936Collingwood Magpies
30.1%
1942Essendon Bombers
29.9%
1941Melbourne Demons
29.2%
1940Melbourne Demons
29%
1939Melbourne Demons
28.5%
1934Richmond Tigers
28.3%
1948Melbourne Demons
28.3%
1926Melbourne Demons
28.1%
1946Essendon Bombers
28.1%
1947Carlton Blues
27.8%
1937Geelong Cats
26.9%
1943Richmond Tigers
26.9%
Remove Ads.
Support Sporcle.
Get the best of Sporcle when you Go Orange. This ad-free experience offers more features, more stats, and more fun while also helping to support Sporcle. Thank you for becoming a member.

You're not logged in!

Compare scores with friends on all Sporcle quizzes.
OR
Log In

Show Comments

Extras

Top Quizzes Today


Score Distribution

Your Account Isn't Verified!

In order to create a playlist on Sporcle, you need to verify the email address you used during registration. Go to your Sporcle Settings to finish the process.

Report this User

Report this user for behavior that violates our Community Guidelines.

Details: